000 00854nam a22002295i 4500
001 160639
003 ES-MaACL
005 20230906212108.0
008 991116s1896 sp |||| | spa d
040 _aM-RAJU
_bspa
_cM-RAJU
_dCCPB | B
100 1 _aNiceforo, Alfredo.
_985531
245 1 3 _aLa mala vida en Roma /
_cAlfredo Niceforo y Escipión Sighele ; traducida del italiano por J. M. Llanas Aguilaniedo.
260 _aMadrid :
_bB. Rodríguez Serra,
_c[s.a.]
300 _a254 p. ;
_c18 cm.
596 _aFecha probable 1896 tomada del pr.
650 4 _aDelincuencia-
_zRoma.
_9152612
650 4 _aMarginación social-
_zRoma.
_9152613
700 1 _aLlanas Aguilaniedo, José María.
_9128994
700 0 _aSighele, Scipio.
_9106306
852 _aES-MaACL
_jF-9992
_z-- Enc. hol.
_x-- Edic.: añadir en T260 (A. Marzo)
999 _c160639
_d160639